| 000 | 00681nam a22002177a 4500 | ||
|---|---|---|---|
| 003 | OSt | ||
| 005 | 20230928112006.0 | ||
| 008 | 230928b |||||||| |||| 00| 0 eng d | ||
| 040 | _cLadoV | ||
| 082 |
_a750 _bM986r |
||
| 110 |
_91129 _aMuseo Rayo |
||
| 245 | _aRetrospectiva/ | ||
| 260 |
_c1998 _bGerencia Cultural del Valle _aColombia |
||
| 300 |
_a12p. _c22x22cm |
||
| 650 |
_2Tesauro de Arte & Arquitectura _aARTE |
||
| 650 |
_2Tesauro de Arte & Arquitectura _aCOLECCION _9703 |
||
| 650 |
_2Tesauro de Arte & Arquitectura _a50 AÑOS _9702 |
||
| 650 |
_2Tesauro de Arte & Arquitectura _aPINTURA |
||
| 700 |
_aOMBU _eautor |
||
| 942 |
_2ddc _c1 _h750 _iM986r _n0 |
||
| 999 |
_c4426 _d4426 |
||